[Event "Vaujany"]
[Site "?"]
[Date "2015.07.09"]
[Round "1.2"]
[White "Moradiabadi, Elshan"]
[Black "Gautier, Anand"]
[Result "1-0"]
[WhiteElo "2567"]
[BlackElo "2161"]
[PlyCount "63"]
[SourceDate "2015.07.09"]

1. d4 Nf6 2. c4 g6 3. Nc3 Bg7 4. e4 d6 5. Nf3 O-O 6. Be3 e5 7. dxe5 dxe5 8.
Qxd8 Rxd8 9. Nd5 Nxd5 10. cxd5 c6 11. Bc4 b5 12. Bb3 a5 13. a3 Bb7 14. Rc1 a4
15. Ba2 cxd5 16. Rc7 Rd7 17. Rxb7 Rxb7 18. Bxd5 Raa7 19. Ke2 Nd7 20. Rd1 Bf6
21. g4 Kf8 22. Bc6 Nb6 23. Bxb7 Rxb7 24. g5 Be7 25. Nxe5 Ke8 26. f4 f6 27. gxf6
Bxf6 28. Bd4 Be7 29. Rc1 Nd7 30. Rc8+ Bd8 31. Nc6 Rc7 32. Rxd8+ 1-0

[Event "Vaujany"]
[Site "?"]
[Date "2015.07.09"]
[Round "1.3"]
[White "Nelis, Jean-Francois"]
[Black "Nevednichy, Vladislav"]
[Result "0-1"]
[WhiteElo "2156"]
[BlackElo "2558"]
[PlyCount "82"]
[SourceDate "2015.07.09"]

1. e4 c5 2. Nf3 Nc6 3. Bb5 g6 4. Bxc6 bxc6 5. O-O Bg7 6. Re1 Nh6 7. c3 f6 8. d4
cxd4 9. cxd4 Nf7 10. Nc3 O-O 11. h3 d6 12. b3 Qa5 13. Bd2 Bd7 14. Qc2 Qa6 15.
Rac1 Rac8 16. Be3 Qa5 17. Qd2 Kh8 18. Rc2 Qh5 19. Ne2 g5 20. Ng3 Qg6 21. Rcc1
h6 22. Qa5 e6 23. Qxa7 Rfd8 24. Qa5 f5 25. exf5 exf5 26. Ne2 Qf6 27. Rc2 f4 28.
Bc1 Bf5 29. Rd2 Be4 30. Kf1 Re8 31. Qc3 h5 32. Nfg1 Nh6 33. Rdd1 c5 34. Qd2 Nf5
35. Nxf4 gxf4 36. Qxf4 Qg6 37. Qg5 Qxg5 38. Bxg5 Nxd4 39. f3 Bc2 40. Rd2 Rxe1+
41. Kxe1 Ra8 0-1

[Event "Vaujany"]
[Site "?"]
[Date "2015.07.09"]
[Round "1.4"]
[White "Libiszewski, Fabien"]
[Black "Adda, Olivier"]
[Result "1-0"]
[WhiteElo "2543"]
[BlackElo "2104"]
[PlyCount "69"]
[SourceDate "2015.07.09"]

1. e4 e5 2. Nf3 Nc6 3. Bb5 a6 4. Ba4 Nf6 5. O-O b5 6. Bb3 Bb7 7. d3 Bd6 8. a3
O-O 9. Nc3 Na5 10. Ba2 h6 11. Ne2 c5 12. Nh4 Re8 13. Nf5 Bf8 14. f4 c4 15. fxe5
Rxe5 16. b4 Nc6 17. Bb2 Qb6+ 18. Kh1 Ng4 {Diagramme #} 19. Ned4 Rxf5 20. Nxf5
Nf2+ 21. Rxf2 Qxf2 22. Bxg7 Ne7 23. Bxf8 Nxf5 24. Bc5 Ne3 25. Qf3 Qxf3 26. gxf3
Nxc2 27. Rg1+ Kh7 28. dxc4 f5 29. cxb5 axb5 30. Bb3 Nxa3 31. Bd4 h5 32. Rg7+
Kh6 33. Rxd7 Rb8 34. Be3+ Kg6 35. Ba7 1-0

[Event "Vaujany"]
[Site "?"]
[Date "2015.07.09"]
[Round "1.5"]
[White "Prost, Frederic"]
[Black "Horvath, Jozsef"]
[Result "0-1"]
[WhiteElo "2100"]
[BlackElo "2535"]
[PlyCount "56"]
[SourceDate "2015.07.09"]

1. g3 d5 2. Bg2 c6 3. Nf3 Nf6 4. O-O (4. c4) 4... Bg4 5. d3 Nbd7 6. c4 e6 (6...
Bxf3 7. Bxf3 Ne5) 7. Nbd2 Bd6 8. b3 O-O 9. Bb2 Qe7 10. Re1 Rfd8 11. Qc2 Ba3 12.
h3 Bh5 13. g4 Bg6 14. Nh4 a5 15. f4 a4 16. Rab1 (16. Bxa3 Qxa3 17. e4) 16...
axb3 17. axb3 Bxb2 18. Qxb2 (18. Rxb2 Nxg4 19. Nxg6 Qc5+ 20. e3 Nxe3 21. Ne7+
Kf8) 18... Nc5 19. Nxg6 hxg6 20. d4 Na6 21. c5 Qc7 22. Rf1 Nb4 23. Qc3 Na2 24.
Qe3 Qa5 25. Rb2 Qb4 26. g5 $138 Nd7 27. Ra1 Nc3 28. Rc1 {Diagramme #} (28. Rxa8
Rxa8 29. Rc2) 28... Nxe2+ (28... Nxe2+ 29. Qxe2 Qxd4+ $19) 0-1

[Event "Vaujany"]
[Site "?"]
[Date "2015.07.09"]
[Round "1.6"]
[White "Van Foreest, Jorden"]
[Black "Gautier, Selvan"]
[Result "1-0"]
[WhiteElo "2514"]
[BlackElo "2099"]
[PlyCount "107"]
[SourceDate "2015.07.09"]

1. e4 c5 2. Nc3 Nc6 3. Bb5 g6 4. Bxc6 dxc6 5. f4 Bg7 6. Nf3 Bg4 7. O-O Nf6 8.
d3 O-O 9. Be3 Nd7 10. Qe1 Bxf3 11. Rxf3 f5 12. e5 g5 13. h3 gxf4 14. Bxf4 Qb6
15. Kh2 Kh8 16. e6 Nf6 17. Be5 Ne8 18. Qe2 Bxe5+ 19. Qxe5+ Ng7 20. Raf1 Qd8 21.
Rxf5 Rxf5 22. Rxf5 Qd4 23. Ne2 Qxe5+ 24. Rxe5 b6 25. d4 c4 26. d5 cxd5 27. Rxd5
Nxe6 28. Re5 Nc5 29. Rxe7 Rd8 30. Rxa7 Rd2 31. Nf4 Rxc2 32. Nd5 Rf2 33. Nxb6
Nd3 34. Nxc4 Nxb2 35. Nxb2 Rxb2 36. a4 Rb3 37. a5 Ra3 38. a6 Kg8 39. Kg1 Ra2
40. Kf1 Kh8 41. Ke1 Kg8 42. Kd1 Kh8 43. Kc1 Kg8 44. Kb1 Ra5 45. Kb2 Kh8 46. Kb3
Kg8 47. Kb4 Ra2 48. g4 h6 49. Kb5 Rb2+ 50. Kc6 Rc2+ 51. Kd6 Ra2 52. Ke6 h5 53.
g5 h4 54. Kf6 1-0

[Event "Vaujany"]
[Site "?"]
[Date "2015.07.09"]
[Round "1.7"]
[White "Laza, Szabolcs"]
[Black "Gazik, Viktor"]
[Result "1/2-1/2"]
[WhiteElo "2095"]
[BlackElo "2434"]
[PlyCount "121"]
[SourceDate "2015.07.09"]

1. d4 Nf6 2. c4 c5 3. d5 e6 4. Nc3 exd5 5. cxd5 d6 6. e4 g6 7. h3 Bg7 8. Nf3
O-O 9. Bd3 Re8 10. O-O a6 11. a4 c4 12. Bxc4 Nxe4 13. Nxe4 Rxe4 14. Bg5 Qf8 15.
Bd3 Re8 16. Rc1 Bxb2 17. Rxc8 Rxc8 18. Qb3 Nd7 19. Qxb2 Qg7 20. Rb1 Qxb2 21.
Rxb2 Rc3 22. Be2 Nc5 23. Be7 Rc1+ 24. Kh2 Nxa4 25. Rxb7 Nc3 26. Bd3 Rd1 27.
Bxa6 Nxd5 28. Be2 Rc1 29. Bxd6 Ra2 30. Rb8+ Kg7 31. Bf8+ Kf6 32. Bh6 Rcc2 33.
Nd4 Rxe2 34. Nxe2 Rxe2 35. Rh8 {(=)} Rxf2 36. Rxh7 g5 37. Rg7 Ne3 38. Bxg5+
Kxg7 39. Bxe3 Re2 40. Bd4+ Kg6 41. Kg3 Kf5 42. Kf3 Ra2 43. h4 Ra3+ 44. Be3 Rb3
45. g4+ Ke5 46. g5 Rb4 47. h5 Kf5 48. g6 fxg6 49. hxg6 Kxg6 50. Bd2 Ra4 51. Ke3
Kf5 52. Kd3 Ke5 53. Bc1 Kd5 54. Bb2 Rb4 55. Bf6 Rb3+ 56. Ke2 Ke4 57. Kd2 Rd3+
58. Kc2 {(=)} Ke3 59. Bg7 Ke2 60. Bb2 Rh3 61. Bd4 1/2-1/2

[Event "Vaujany"]
[Site "?"]
[Date "2015.07.09"]
[Round "1.8"]
[White "Brunner, Nicolas"]
[Black "Vitalyos, Marton"]
[Result "1-0"]
[WhiteElo "2425"]
[BlackElo "2090"]
[PlyCount "55"]
[SourceDate "2015.07.09"]

1. d4 d5 2. c4 c6 3. Nf3 Nf6 4. Nc3 e6 5. Bg5 Be7 6. e3 O-O 7. Qc2 dxc4 8. Bxc4
b5 9. Bd3 h6 10. Bxf6 Bxf6 11. O-O Nd7 12. Ne4 Bb7 13. Nd6 Qb8 14. Ne4 Be7 15.
Rfd1 e5 16. Nc5 Nxc5 17. dxc5 Bc8 18. Bh7+ Kh8 19. Bf5 g6 20. Bxc8 Rxc8 21. Rd7
Rc7 22. Rad1 Rxd7 23. Rxd7 Qe8 {Diagramme #} 24. Nxe5 Rd8 25. Qd3 Rxd7 26. Qxd7
Qxd7 27. Nxd7 a5 28. Ne5 1-0

[Event "Vaujany"]
[Site "?"]
[Date "2015.07.09"]
[Round "1.9"]
[White "Georges, Thomas"]
[Black "Dumitrache, Dragos-Nicolae"]
[Result "0-1"]
[WhiteElo "2089"]
[BlackElo "2423"]
[PlyCount "72"]
[SourceDate "2015.07.09"]

1. e4 d6 2. d4 Nf6 3. Nc3 e5 4. Nf3 Nbd7 5. Bc4 Be7 6. O-O O-O 7. Re1 a6 8. a4
b6 9. Nh4 exd4 10. Qxd4 Ne5 11. Ba2 Be6 12. Nf5 Bxf5 13. exf5 c6 14. Bf4 Qc7
15. h3 Nfd7 16. Rad1 Rfe8 17. Bxe5 Nxe5 18. f4 d5 19. Kh1 Bc5 20. Qd2 Nd7 21.
g3 Nf6 22. Kg2 h5 23. Rxe8+ Rxe8 24. Re1 Rxe1 25. Qxe1 h4 26. Qe2 hxg3 27. Kxg3
Bd6 28. Qf3 Bxf4+ 29. Kg2 Bc1 30. b4 b5 31. Ne2 Bd2 32. axb5 axb5 33. c3 Ne4
34. Bb1 Qe5 35. Nd4 Nxc3 36. Nxc6 Qf6 0-1

[Event "Vaujany"]
[Site "?"]
[Date "2015.07.09"]
[Round "1.11"]
[White "Mina, Marco"]
[Black "Filip, Lucian"]
[Result "0-1"]
[WhiteElo "2052"]
[BlackElo "2419"]
[PlyCount "88"]
[SourceDate "2015.07.09"]

1. e4 c5 2. Nf3 e6 3. d4 cxd4 4. Nxd4 Nc6 5. Nc3 Qc7 6. g3 a6 7. Bg2 Nf6 8. O-O
Nxd4 9. Qxd4 Bc5 10. Qd3 d6 11. h3 Bd7 12. Kh2 Rc8 13. a3 Qb6 14. Nd1 Qc7 15.
Nc3 h6 16. Be3 Bxe3 17. Qxe3 Qc5 18. Qxc5 Rxc5 19. Rad1 Ke7 20. Rd2 Rhc8 21.
Rfd1 Ne8 22. f4 R8c7 23. g4 b5 24. h4 a5 25. Rd4 Nf6 26. g5 Ng4+ 27. Kg3 Ne3
28. R1d2 Nc4 29. b4 Nxd2 30. bxc5 Rxc5 31. Nd5+ exd5 32. Rxd2 Rc3+ 33. Rd3
Rxd3+ 34. cxd3 b4 35. axb4 a4 36. e5 a3 37. Bxd5 Be6 38. exd6+ Kxd6 39. f5 Bxd5
40. f6 gxf6 41. gxh6 a2 42. h7 a1=Q 43. h8=Q Qg1+ 44. Kf4 Qf2+ 0-1

[Event "Vaujany"]
[Site "?"]
[Date "2015.07.09"]
[Round "1.12"]
[White "Gavrilov, Alexei"]
[Black "Gazik, Renata"]
[Result "1-0"]
[WhiteElo "2411"]
[BlackElo "2040"]
[PlyCount "63"]
[SourceDate "2015.07.09"]

1. e4 e6 2. d4 d5 3. Nd2 Nf6 4. e5 Nfd7 5. f4 c5 6. c3 Nc6 7. Ngf3 cxd4 8. cxd4
(8. Nxd4) 8... Qb6 9. Nb3 a5 10. a4 Bb4+ 11. Kf2 O-O 12. Be3 f6 13. h4 Qd8 14.
Bd3 Rf7 15. Rc1 Be7 16. Bxh7+ Kxh7 17. Ng5+ Kg8 18. Qh5 g6 19. Qxg6+ Rg7 20.
Qxg7+ Kxg7 21. Nxe6+ Kh7 22. Nxd8 Bxd8 23. g4 Nb4 24. Rcg1 Ra6 25. g5 f5 26. h5
Nf8 27. g6+ Kg8 28. Nc5 Rc6 29. e6 Bf6 30. h6 b6 31. h7+ Kh8 32. e7 1-0

[Event "Vaujany"]
[Site "?"]
[Date "2015.07.09"]
[Round "1.13"]
[White "Baudin, Frederic"]
[Black "Navrotescu, Catalin"]
[Result "0-1"]
[WhiteElo "2025"]
[BlackElo "2407"]
[PlyCount "106"]
[SourceDate "2015.07.09"]

1. e4 c5 2. c3 d5 3. exd5 Qxd5 4. d4 Nf6 5. Nf3 e6 6. Na3 Be7 7. Be2 O-O 8. O-O
Nc6 9. Nb5 Qd8 10. dxc5 Bxc5 11. Bf4 a6 12. Nbd4 Bd7 13. Nb3 Bb6 14. Bg5 Qe7
15. Qc2 h6 16. Bh4 g5 17. Bg3 Nh5 18. Rad1 Nxg3 19. hxg3 e5 20. Bc4 Kg7 21.
Rfe1 Rad8 22. Bd5 Qf6 23. Nbd2 Rfe8 24. Ne4 Qg6 25. Qb3 Na5 26. Qb4 Bc7 27. Qc5
Nc6 28. Bb3 Bf5 29. Rxd8 Rxd8 30. Bc2 Qe6 31. Bb3 Qd7 32. Qe3 Qe7 33. Bc2 Bc8
34. Ned2 f5 35. g4 fxg4 36. Qe4 Kh8 37. Nd4 exd4 38. Qxe7 Nxe7 39. Rxe7 d3 40.
Bd1 Bd6 41. Re1 g3 42. fxg3 Bxg3 43. Rf1 Re8 44. Nf3 Kg7 45. Bb3 Re2 46. Bc4
Rxb2 47. Bxd3 Rxa2 48. Nd4 Bf4 49. Bc4 Ra3 50. Ne2 Bd6 51. Rf7+ Kg6 52. Rf1 Bg4
53. Bd3+ Kg7 0-1

[Event "Vaujany"]
[Site "?"]
[Date "2015.07.09"]
[Round "1.14"]
[White "Bulmaga, Irina"]
[Black "Chung, Mathilde"]
[Result "0-1"]
[WhiteElo "2393"]
[BlackElo "1996"]
[PlyCount "122"]
[SourceDate "2015.07.09"]

1. e4 c5 2. Nf3 Nc6 3. d4 cxd4 4. Nxd4 Qb6 5. Nb3 Nf6 6. Nc3 e6 7. Qe2 Bb4 8.
Bd2 O-O 9. a3 Be7 10. O-O-O d6 11. g4 a6 12. g5 Nd7 13. Be3 Qc7 14. f4 b5 15.
h4 Bb7 16. h5 Nc5 17. Nxc5 dxc5 18. g6 h6 19. gxf7+ Rxf7 20. Bh3 Nd4 21. Bxd4
cxd4 22. Rxd4 Qxf4+ 23. Kb1 Qe5 24. Rd3 b4 25. axb4 Bxb4 26. Rhd1 Rb8 27. Rd8+
Rf8 28. Rxf8+ Rxf8 29. Na2 Bc5 30. Qc4 Qxh5 31. Bxe6+ Kh8 32. Nc3 a5 33. Bf5
Bb4 34. Rd3 Bxc3 35. Qxc3 Qh1+ 36. Ka2 Bxe4 37. Rh3 Bd5+ 38. b3 Qc1 39. Rg3 Rg8
40. Rd3 Qh1 41. Kb2 Qg2 42. Qe5 Bf7 43. Be4 Qg4 44. Rd6 Qh5 45. Qf4 Re8 46. Rd7
Qe5+ 47. Qxe5 Rxe5 48. Rd8+ Re8 49. Rxe8+ Bxe8 50. c4 g5 51. c5 g4 52. Kc3 Kg7
53. Kd4 Bd7 54. Ke5 h5 55. c6 Bc8 56. c7 g3 57. Bf5 g2 58. Bxc8 g1=Q 59. Kd6
Qd4+ 60. Ke7 Qc5+ 61. Kd8 Kf7 0-1

[Event "Vaujany"]
[Site "?"]
[Date "2015.07.09"]
[Round "1.15"]
[White "Cordara, Michele"]
[Black "Skomorokhin, Roman"]
[Result "0-1"]
[WhiteElo "1991"]
[BlackElo "2381"]
[PlyCount "106"]
[SourceDate "2015.07.09"]

1. c4 e6 2. Nf3 d5 3. g3 dxc4 4. Qa4+ Nd7 5. Qxc4 a6 6. Bg2 Ngf6 7. b3 b5 8.
Qc2 Bb7 9. O-O c5 10. Bb2 Be7 11. d4 Rc8 12. dxc5 Bxc5 13. Qd2 O-O 14. Nc3 Qb6
15. e3 Rfd8 16. Qe2 Bb4 17. Rfc1 Qa5 18. Qe1 Bxf3 19. Bxf3 Ne5 20. Be2 Ne4 21.
Nxe4 Bxe1 22. Bxe5 b4 23. f4 Bc3 24. Nxc3 bxc3 25. Bc4 Qb6 26. Bxc3 Qxe3+ 27.
Kg2 h5 28. Ba5 Qe4+ 29. Kf2 h4 30. Re1 Qf5 31. Bxd8 Rxd8 32. Re2 g6 33. Rae1
Kg7 34. Bxa6 Qc5+ 35. Re3 Ra8 36. Bc4 Rxa2+ 37. R1e2 Ra1 38. Kg2 Qf5 39. Rb2
h3+ 40. Kf2 Qc5 41. Ke2 Rh1 42. Kd3 Qf5+ 43. Kd4 Rd1+ 44. Kc3 Qa5+ 45. b4 Qa3+
46. Bb3 Rc1+ 47. Rc2 Rb1 48. Kc4 Qa6+ 49. Kc3 Qc6+ 50. Kd2 Qb6 51. Bc4 Qxb4+
52. Ke2 Rb2 53. Bd3 Qc3 0-1

[Event "Vaujany"]
[Site "?"]
[Date "2015.07.09"]
[Round "1.16"]
[White "Foisor, Ovidiu-Doru"]
[Black "Saiah, Karim"]
[Result "1-0"]
[WhiteElo "2374"]
[BlackElo "1971"]
[PlyCount "37"]
[SourceDate "2015.07.09"]

1. d4 d5 2. c4 e6 3. Nc3 Nf6 4. cxd5 exd5 5. Bg5 Be7 6. e3 c6 7. Qc2 O-O 8. Bd3
h6 9. Bf4 Re8 10. Nf3 Bd6 11. Bg3 Qe7 12. Bxd6 Qxd6 13. O-O Nbd7 14. Rab1 Nf8
15. b4 Bd7 16. Rfc1 Rac8 17. Na4 b6 18. Nc3 Rc7 {Diagramme #} 19. Nb5 1-0

[Event "Vaujany"]
[Site "?"]
[Date "2015.07.09"]
[Round "1.17"]
[White "Manino, Edoardo"]
[Black "Daulyte, Deimante"]
[Result "0-1"]
[WhiteElo "1954"]
[BlackElo "2369"]
[PlyCount "94"]
[SourceDate "2015.07.09"]

1. d4 Nf6 2. c4 e6 3. Nf3 Bb4+ 4. Nc3 d5 5. Qa4+ Nc6 6. Bg5 h6 7. Bd2 O-O 8. e3
Bd7 9. Qc2 dxc4 10. Bxc4 Bd6 11. O-O a6 12. a3 e5 13. d5 Ne7 14. e4 Ng6 15. b4
Nh5 16. Ne2 Qf6 17. Ng3 Nhf4 18. Nf5 Bxf5 19. exf5 Ne7 20. Bxf4 exf4 21. Rad1
a5 {Diagramme #} 22. Nd4 axb4 23. axb4 Bxb4 24. Qe4 Rfd8 25. Rb1 Bc5 26. Rfd1
Bxd4 27. Qxd4 Qxd4 28. Rxd4 Nxf5 29. Rxf4 Nd6 30. Be2 Ra2 31. Bf3 Rda8 32. g3
Ra1 33. Rfb4 Kf8 34. Kg2 Rxb1 35. Rxb1 Ke7 36. h4 Ra4 37. Rb2 Rd4 38. Kf1 b6
39. Ke2 Nc4 40. Ra2 b5 41. Ra7 Kd6 42. Ra6+ Nb6 43. Ke3 Ra4 44. Rxa4 bxa4 45.
Kd4 a3 46. Kc3 Nc4 47. Kc2 a2 0-1

[Event "Vaujany"]
[Site "?"]
[Date "2015.07.09"]
[Round "1.18"]
[White "Foisor, Cristina-Adela"]
[Black "Nastro, Federico"]
[Result "1-0"]
[WhiteElo "2366"]
[BlackElo "1941"]
[PlyCount "65"]
[EventDate "2015.07.11"]
[SourceDate "2015.07.09"]

1. d4 Nf6 2. Nf3 c5 3. g3 cxd4 4. Nxd4 Nc6 5. Bg2 g6 6. O-O Bg7 7. c4 O-O 8.
Nc3 Nxd4 9. Qxd4 d6 10. Bg5 a6 11. Qd2 Rb8 12. Rfd1 Be6 13. Nd5 Nxd5 14. cxd5
Bd7 15. Rac1 f6 16. Be3 Rc8 17. h4 Rxc1 18. Rxc1 Qb8 19. h5 gxh5 20. Rc4 Rc8
21. Re4 Re8 22. Rh4 Bf5 23. Rxh5 Bg6 24. Rh4 Rc8 25. Bd4 Rc2 26. Qe3 Qc7 27.
Kh2 Bf8 28. Be4 Rc1 29. Bc3 Rd1 30. Bxg6 hxg6 31. Qe6+ Kg7 32. Qh3 Kf7 33. Rh8
1-0

[Event "Vaujany"]
[Site "?"]
[Date "2015.07.09"]
[Round "1.21"]
[White "Grange, Vermeer"]
[Black "Gazik, Igor"]
[Result "0-1"]
[WhiteElo "1900"]
[BlackElo "2327"]
[PlyCount "60"]
[SourceDate "2015.07.09"]

1. d4 Nf6 2. Nf3 g6 3. c4 Bg7 4. Nc3 c5 5. d5 d6 6. g3 e6 7. a4 O-O 8. Bg2 exd5
9. cxd5 Na6 10. O-O Re8 11. Nd2 Nc7 12. Re1 a6 13. Nc4 Rb8 14. Bf4 Bf8 15. e4
b5 16. Na5 Bg4 17. Qc2 Ncxd5 18. Nxd5 Nxd5 19. Nc6 Nb4 20. Nxb4 cxb4 21. axb5
a5 22. Bf1 Bd7 23. Qa4 Ra8 24. Bc4 Rc8 25. b3 g5 26. Bd2 Qf6 27. Qxa5 d5 28.
Bxd5 Rc2 29. Be3 Qf3 30. Bc4 Rxc4 0-1

[Event "Vaujany"]
[Site "?"]
[Date "2015.07.09"]
[Round "1.22"]
[White "Poulet, Pierre-Emmanuel"]
[Black "Bergero, Simone"]
[Result "1-0"]
[WhiteElo "2299"]
[BlackElo "1875"]
[PlyCount "71"]
[SourceDate "2015.07.09"]

1. e4 d6 2. d4 e5 3. Nf3 Nf6 4. Nc3 Nbd7 5. Bc4 Be7 6. O-O O-O 7. a4 a5 8. Re1
c6 9. h3 exd4 10. Nxd4 Nb6 11. Bb3 d5 12. e5 Ne8 13. Nf3 Nc7 14. Ne2 Ne6 15. c3
Nd7 16. Bc2 Ndc5 17. Ng3 b5 18. axb5 cxb5 19. Nd4 Nxd4 20. cxd4 Ne6 21. Nf5 f6
22. Nxe7+ Qxe7 23. Qd3 g6 24. Qxb5 Bb7 25. Bh6 Nxd4 26. Bxf8 Kxf8 27. Qd3 fxe5
28. Qd2 Nxc2 29. Qxc2 Kg7 30. Qc3 Re8 31. Rxa5 d4 32. Raxe5 Qxe5 33. Rxe5 dxc3
34. Rxe8 c2 35. Re7+ Kf6 36. Rc7 1-0

[Event "Vaujany"]
[Site "?"]
[Date "2015.07.09"]
[Round "1.28"]
[White "Foisor, Sabina-Francesca"]
[Black "Grange, Romain"]
[Result "1-0"]
[WhiteElo "2202"]
[BlackElo "1811"]
[PlyCount "115"]
[EventDate "2015.07.11"]
[SourceDate "2015.07.09"]

1. d4 d5 2. Bf4 Nf6 3. e3 e6 4. Nd2 c5 5. c3 b6 6. Bd3 Bd6 7. Bg3 O-O 8. Ngf3
Bb7 9. Ne5 Qc7 10. O-O Nbd7 11. f4 Ne4 12. Nxe4 dxe4 13. Bb5 Nf6 14. Qe1 Nd5
15. Bh4 f6 16. Nc4 a6 17. Ba4 cxd4 18. Nxd6 Qxd6 19. cxd4 Nb4 20. f5 b5 21. Bg3
Qe7 22. Bd1 Nd3 23. Qd2 e5 24. dxe5 fxe5 25. Bb3+ Kh8 26. Qe2 Qg5 27. Be6 Rad8
28. a4 b4 29. Rad1 Bd5 30. Bxd5 Rxd5 31. Be1 a5 32. h4 Qd8 33. Qg4 Nxb2 34. Ra1
Nd3 35. Qxe4 Nc5 36. Qc4 Nb7 37. Bg3 Qd7 38. Rac1 Rc5 39. Qe6 Qc8 40. Rxc5 Qxc5
41. Bxe5 Nd8 42. Qd6 Qxe3+ 43. Kh2 Re8 44. Bd4 Qe7 45. Qxe7 Rxe7 46. f6 Rf7 47.
fxg7+ Kg8 48. Re1 Rxg7 49. Re8+ Kf7 50. Rxd8 Rg4 51. Kh3 Re4 52. Bb6 b3 53.
Bxa5 b2 54. Rb8 Rxa4 55. Bd8 Ra8 56. Rb7+ Kg6 57. Bg5 h6 58. Rb6+ 1-0

[Event "vaujany"]
[Site "?"]
[Date "2015.07.10"]
[Round "2.1"]
[White "Cornette, Matthieu"]
[Black "Foisor, Ovidiu-Doru"]
[Result "1-0"]
[WhiteElo "2582"]
[BlackElo "2374"]
[PlyCount "75"]
[SourceDate "2015.07.09"]

1. e4 e6 2. d4 d5 3. Nd2 a6 4. Ngf3 c5 5. exd5 exd5 6. dxc5 Bxc5 7. Nb3 Bb6 8.
Bd3 Nf6 9. Qe2+ Qe7 10. Qxe7+ Kxe7 11. O-O Nc6 12. Re1+ Be6 13. Be3 Bxe3 14.
Rxe3 Kd6 15. Rae1 Rhe8 16. a3 h6 17. h3 Bd7 18. c4 dxc4 19. Bxc4 Rxe3 20. Rxe3
Be6 21. Bxe6 fxe6 22. Nfd2 b5 23. Rd3+ Nd5 24. Ne4+ Ke5 25. f3 Rd8 26. Nbc5 a5
27. Rd2 Nb6 {Diagramme #} 28. f4+ Kf5 29. g4+ Kg6 30. Nxe6 Rxd2 31. Nxd2 Na4
32. b3 Nc3 33. Kf2 Kf6 34. Nc5 g6 35. Kf3 h5 36. Nde4+ Nxe4 37. Kxe4 hxg4 38.
hxg4 1-0

[Event "Vaujany"]
[Site "?"]
[Date "2015.07.10"]
[Round "2.2"]
[White "Daulyte, Deimante"]
[Black "Moradiabadi, Elshan"]
[Result "0-1"]
[WhiteElo "2369"]
[BlackElo "2567"]
[PlyCount "94"]
[SourceDate "2015.07.09"]

1. e4 e5 2. Nf3 Nc6 3. Nc3 Nf6 4. Bb5 Bd6 5. a3 O-O 6. d3 Ne7 7. Bc4 Ng6 8. h3
c6 9. g4 Bc7 10. g5 Nh5 11. Nxe5 Bxe5 12. Qxh5 d5 13. Bb3 Be6 14. exd5 cxd5 15.
Ne2 Qd7 16. d4 Bd6 17. Bd2 a5 18. Nc3 a4 19. Ba2 Rac8 20. Qe2 Bf5 21. O-O-O b5
22. Qf3 Ne7 23. Rde1 b4 24. axb4 Bxb4 25. Rxe7 Bxe7 26. Qxd5 Qxd5 27. Nxd5
Rxc2+ 28. Kd1 Bd8 29. Bb1 Be4 30. Bxc2 Bxh1 31. Nc3 Bb6 32. Be3 Bxd4 33. Bxa4
Bxe3 34. fxe3 Rb8 35. Bb5 Kf8 36. Ke2 Ke7 37. Kf2 Kd6 38. b3 Bd5 39. Ba4 Bxb3
40. Bb5 Rc8 41. Ne4+ Ke5 42. Ng3 Rc2+ 43. Kg1 Bd5 44. Bf1 Bf3 45. h4 Rb2 46.
Bh3 Rb4 47. h5 Rh4 0-1

[Event "Vaujany"]
[Site "?"]
[Date "2015.07.10"]
[Round "2.3"]
[White "Nevednichy, Vladislav"]
[Black "Foisor, Cristina-Adela"]
[Result "1/2-1/2"]
[WhiteElo "2558"]
[BlackElo "2366"]
[PlyCount "60"]
[SourceDate "2015.07.09"]

1. e4 e5 2. Nf3 Nc6 3. Bb5 a6 4. Ba4 Nf6 5. O-O Be7 6. Re1 b5 7. Bb3 d6 8. c3
O-O 9. d4 Bg4 10. Be3 exd4 11. cxd4 d5 12. exd5 Na5 13. Bc2 Nc4 14. Bc1 Bb4 15.
Nc3 Bxc3 16. bxc3 Qxd5 17. a4 Rfe8 18. Rxe8+ Rxe8 19. axb5 axb5 20. Bd3 h6 21.
Bf1 c6 22. Ra6 Ne5 23. Be2 Nxf3+ 24. gxf3 Bh3 25. Be3 {Diagramme #} Rxe3 26.
fxe3 Qg5+ 27. Kf2 Qh4+ 28. Kg1 Qg5+ 29. Kf2 Qh4+ 30. Kg1 Qg5+ 1/2-1/2

[Event "Vaujany"]
[Site "?"]
[Date "2015.07.10"]
[Round "2.5"]
[White "Horvath, Jozsef"]
[Black "Olivier, Jean-Christophe"]
[Result "1-0"]
[WhiteElo "2535"]
[BlackElo "2348"]
[PlyCount "69"]
[SourceDate "2015.07.09"]

1. d4 Nf6 2. Nf3 e6 3. e3 b6 4. Bd3 Bb7 5. O-O Be7 6. c4 O-O 7. Nc3 d5 8. b3
Nbd7 9. Bb2 c5 10. cxd5 exd5 11. Rc1 Re8 12. Re1 Bd6 13. Ne2 Qe7 14. Ng3 g6 15.
Bb5 Red8 16. dxc5 bxc5 17. b4 Ne4 18. Bxd7 Rxd7 19. bxc5 Bxc5 20. Ne5 Rd6 21.
Ng4 Rb6 22. Nxe4 dxe4 23. Nf6+ Rxf6 24. Bxf6 Qxf6 25. Rxc5 Rd8 26. Qa1 Qd6 27.
Rec1 Ba6 28. Rc6 Qd3 29. h3 Bb5 30. Rc7 a6 31. Qf6 Be8 32. Rc8 Rxc8 33. Rxc8
Qd1+ 34. Kh2 Qd7 35. Rd8 1-0

[Event "Vaujany"]
[Site "?"]
[Date "2015.07.10"]
[Round "2.6"]
[White "Gazik, Igor"]
[Black "Van Foreest, Jorden"]
[Result "0-1"]
[WhiteElo "2327"]
[BlackElo "2514"]
[PlyCount "66"]
[SourceDate "2015.07.09"]

1. Nf3 Nf6 2. g3 g6 3. Bg2 Bg7 4. d4 O-O 5. c4 d6 6. O-O Nc6 7. Nc3 Nd7 8. Bg5
h6 9. Be3 Kh7 10. Qc2 Nf6 11. Rad1 Bf5 12. Qb3 Qd7 13. Qxb7 Rab8 14. Qxc6 Qxc6
15. Ng5+ hxg5 16. Bxc6 Rxb2 17. Bxg5 Rb4 18. Nb5 Rxc4 19. Nxa7 Rb8 20. a4 Ne4
21. Be3 Nc3 22. Rd2 Bxd4 23. Re1 Bxa7 24. Bxa7 Rb1 25. Rxb1 Nxb1 26. Rd4 Rxc6
27. f3 e5 28. Rb4 Nc3 29. e4 Be6 30. Bb8 Ne2+ 31. Kf2 Nd4 32. a5 Rc2+ 33. Ke3
Bc4 0-1

[Event "Vaujany"]
[Site "?"]
[Date "2015.07.10"]
[Round "2.7"]
[White "Ravot, Sylvain"]
[Black "Brunner, Nicolas"]
[Result "1/2-1/2"]
[WhiteElo "2238"]
[BlackElo "2425"]
[PlyCount "61"]
[SourceDate "2015.07.09"]

1. e4 c5 2. Nf3 d6 3. d4 cxd4 4. Qxd4 Nc6 5. Bb5 Bd7 6. Bxc6 Bxc6 7. Nc3 Nf6 8.
Bg5 e6 9. O-O-O Be7 10. Qd3 Qa5 11. h4 h6 12. Bxf6 Bxf6 13. Nd4 O-O-O 14. Qc4
Qb6 15. Rh3 Kb8 16. Na4 Bxa4 17. Qxa4 Rc8 18. Rb3 Qc5 19. Rb5 Qc7 20. Rd3 Ka8
21. Rb4 d5 22. exd5 exd5 23. g3 Rhe8 24. Rc3 Qb8 25. Rbb3 Re1+ 26. Kd2 Re4 {
Diagramme #} 27. Qxa7+ Kxa7 28. Ra3+ Kb6 29. Rab3+ Ka6 30. Ra3+ Kb6 31. Rab3+
1/2-1/2

[Event "Vaujany"]
[Site "?"]
[Date "2015.07.10"]
[Round "2.8"]
[White "Dumitrache, Dragos-Nicolae"]
[Black "Poulet, Pierre-Emmanuel"]
[Result "1-0"]
[WhiteElo "2423"]
[BlackElo "2299"]
[PlyCount "75"]
[SourceDate "2015.07.09"]

1. Nf3 Nf6 2. c4 c6 3. d4 d5 4. e3 Bf5 5. Nc3 e6 6. Nh4 Bg6 7. Be2 Nbd7 8. O-O
Bd6 9. g3 Qe7 10. a3 dxc4 11. Nxg6 hxg6 12. Bxc4 c5 13. dxc5 Bxc5 14. b4 Bb6
15. Bb2 Rd8 16. Rc1 Ne5 17. Qa4+ Kf8 18. Be2 Nfg4 19. Ne4 f5 20. Nc5 Rd2 21.
Rc2 {Diagramme #} Rxe2 22. Rxe2 Nf3+ 23. Kg2 Bxc5 24. Kxf3 Nxh2+ 25. Kg2 Nxf1
26. bxc5 Qd8 27. Kxf1 Qd5 28. e4 Qd3 29. Qc2 Qf3 30. Ke1 Kf7 31. exf5 gxf5 32.
Qc4 Qh1+ 33. Kd2 Rd8+ 34. Kc3 Rd5 35. Kb3 Qb1 36. Rc2 a6 37. Qc3 b5 38. c6 1-0

[Event "Vaujany"]
[Site "?"]
[Date "2015.07.10"]
[Round "2.9"]
[White "Yao, Stefano"]
[Black "Di Nicolantonio, Lucas"]
[Result "0-1"]
[WhiteElo "2231"]
[BlackElo "2421"]
[PlyCount "70"]
[SourceDate "2015.07.09"]

1. d4 g6 2. Nf3 Bg7 3. c4 d6 4. g3 c5 5. Bg2 Nc6 6. dxc5 Qa5+ 7. Nbd2 Qxc5 8.
O-O Nf6 9. a3 O-O 10. b4 Qh5 11. Bb2 Be6 12. Rc1 Rac8 13. Re1 Rfd8 14. Qa4 a6
15. e3 b5 16. Qxa6 bxc4 17. Nd4 Nxd4 18. Bxd4 d5 19. b5 Ra8 20. Ba7 Bc8 21. Qa5
Rd7 22. b6 Bb7 23. Qb5 Rad8 24. h3 Ne8 25. Bb8 d4 26. Qxh5 gxh5 27. Bc7 {
Diagramme #} c3 28. Nb3 Nxc7 29. bxc7 Rxc7 30. Bxb7 d3 31. Be4 d2 32. a4
dxe1=Q+ 33. Rxe1 c2 34. Bf3 Bb2 35. Nc1 Ra7 0-1